| 000 | 00448nam a2200157Ia 4500 | ||
|---|---|---|---|
| 008 | 210716s1998 xx 000 0 und d | ||
| 020 | _a74622137 | ||
| 041 | _aeng | ||
| 082 | _a005.43 KUTN | ||
| 100 | _aKutti, Narayanaswamy. | ||
| 245 |
_aC and unix programming: a conceptual perspective. _bConceptual perspective. |
||
| 250 | _a1 | ||
| 260 |
_aNew Delhi _bTata McGraw Hill Publishing Company Ltd _c1998 |
||
| 300 | _axvi,429 | ||
| 650 | _aUnix | ||
| 999 |
_c183536 _d183536 |
||